Los cristianos frente al socialismo: antecedentes históricos
Guardat en:
| Autors principals: | , , |
|---|---|
| Format: | Llibre |
| Idioma: | espanyol |
| Publicat: |
Talca
Fundación Obispo Manuel Larraín
1971
|
| Matèries: | |
| Etiquetes: |
Afegir etiqueta
Sense etiquetes, Sigues el primer a etiquetar aquest registre!
|
MARC
| LEADER | 00000nam a2200000 a 4500 | ||
|---|---|---|---|
| 001 | UCL6250 | ||
| 003 | CL-VaPUC | ||
| 008 | 040402e19710500CL |||||||||||||||||spa|d | ||
| 082 | 0 | 4 | |a 261.7 |b CON |2 21 |
| 100 | 0 | |a Condamines, C |e author |9 483945 | |
| 700 | 0 | |a Santelices, R |e author |9 483946 | |
| 700 | 0 | |a Torres, S |e author |9 483947 | |
| 245 | 1 | 4 | |a Los cristianos frente al socialismo: antecedentes históricos |
| 300 | |a 36 p | ||
| 942 | |c BK | ||
| 945 | |d 20040402 00:00:00 |a vberengu | ||
| 260 | |a Talca |b Fundación Obispo Manuel Larraín |c 1971 | ||
| 650 | 0 | |a Socialismo |9 255260 | |
| 650 | 7 | |a IGLESIA Y POLITICA |2 CL-VaPUC |9 483948 | |
| 651 | 7 | |a CHILE |2 CL-VaPUC |9 483949 | |
| 583 | |a last modification |c 20040402 00:00:00 |k Rodrigo Vera | ||
| 999 | |c 308427 |d 308425 | ||
| 952 | |0 0 |1 2 |4 0 |6 261_700000000000000_CON_1971 |7 0 |8 A |9 374943 |a BIBTEO |b BIBTEO |d 2019-11-21 |i 2108119 |o 261.7 CON 1971 |p 2108119 |r 2019-11-21 |w 2019-11-21 |x Descarte 2019 |y BK |k ICR | ||